Topics in chromatic graph theory (Record no. 59976)

MARC details
000 -LEADER
fixed length control field 00727nam a2200181 a 4500
008 - FIXED-LENGTH DATA ELEMENTS--GENERAL INFORMATION
fixed length control field 200708s2015 ||||||||||||||||| || u
020 ## - INTERNATIONAL STANDARD BOOK NUMBER
International Standard Book Number 9781107033504
050 ## - LIBRARY OF CONGRESS CALL NUMBER
Classification number QA 166.247 Top
100 ## - MAIN ENTRY--PERSONAL NAME
Personal name Beineke, Lowell W
245 10 - TITLE STATEMENT
Title Topics in chromatic graph theory
Statement of responsibility, etc. Edited by Lowell W. Beineke ; Robin J. Wilson
260 ## - PUBLICATION, DISTRIBUTION, ETC.
Place of publication, distribution, etc. Cambridge
Name of publisher, distributor, etc. Cambridge University Press
Date of publication, distribution, etc. 2015
300 ## - PHYSICAL DESCRIPTION
Extent xvi, 370 pages : illustrations
350 ## - PRICE (NR) (BK AM CF MU VM SE) [OBSOLETE]
Price 119.96
650 ## - SUBJECT ADDED ENTRY--TOPICAL TERM
Topical term or geographic name entry element GRAPH THEORY--DATA PROCESSING
650 ## - SUBJECT ADDED ENTRY--TOPICAL TERM
Topical term or geographic name entry element GRAPH COLOURING--DATA PROCESSING
700 ## - ADDED ENTRY--PERSONAL NAME
Personal name Wilson, Robin J
995 ## - RECOMMENDATION 995 [LOCAL, UNIMARC FRANCE]
-- CBU-MAIN LIBRARY (Kitwe)
-- 119.96
-- 1
-- AVAILABLE
-- Jul 9, 2020
-- Main Library Open Access Collection
Holdings
Withdrawn status Lost status Source of classification or shelving scheme Damaged status Not for loan Home library Current library Shelving location Date acquired Total Checkouts Full call number Barcode Date last seen Price effective from Koha item type
          CBU-MAIN LIBRARY, KITWE. CBU-MAIN LIBRARY, KITWE.   11/30/2022   QA 166.247 Top 750355 11/30/2022 11/30/2022 MONOGRAPH